Mythology and Folklore in south-eastasia / (Record no. 32995)

000 -LEADER
fixed length control field 00738nam a22002177a 4500
005 - DATE AND TIME OF LATEST TRANSACTION
control field 20260115101556.0
008 - FIXED-LENGTH DATA ELEMENTS--GENERAL INFORMATION
fixed length control field 240401b ||||| |||| 00| 0 eng d
020 ## - INTERNATIONAL STANDARD BOOK NUMBER
International Standard Book Number 9835600546
040 ## - CATALOGING SOURCE
Transcribing agency SSBUL
082 ## - DEWEY DECIMAL CLASSIFICATION NUMBER
Classification number 398.20959 Kn
Item number 22956 S-GAKTH
Edition number 23
100 1# - MAIN ENTRY--PERSONAL NAME
Personal name Knappert,Jan
9 (RLIN) 38487
245 10 - TITLE STATEMENT
Title Mythology and Folklore in south-eastasia /
Statement of responsibility, etc. Jan Knappert; edited by Graham Saunders.
260 ## - PUBLICATION, DISTRIBUTION, ETC.
Place of publication, distribution, etc. Oxford:
Name of publisher, distributor, etc. Oxford University Press,
Date of publication, distribution, etc. 1999.
300 ## - PHYSICAL DESCRIPTION
Extent xviii, 315 pages;
Dimensions 20 cm.
500 ## - GENERAL NOTE
General note S-KN: Ashin Khemānanda
General note S-GAKTH: Gerry Abbot & Khin Thant Han's Collection
504 ## - BIBLIOGRAPHY, ETC. NOTE
Linkage Includes bibliographical references.
650 ## - SUBJECT ADDED ENTRY--TOPICAL TERM
Topical term or geographic name entry element Folklore
Geographic subdivision Southeast Asia.
9 (RLIN) 38488
Topical term or geographic name entry element Mythology
9 (RLIN) 22421
942 ## - ADDED ENTRY ELEMENTS (KOHA)
Source of classification or shelving scheme
Koha item type Book (Short term)
Holdings
Withdrawn status Lost status Source of classification or shelving scheme Damaged status Not for loan Collection code Permanent Location Current Location Shelving location Date acquired Total Checkouts Full call number Barcode Date last seen Price effective from Koha item type Accession
          Special Collections Shan State Buddhist University Library Shan State Buddhist University Library Special Collection Shelves 01/04/2024   398.20959 Kn 22956 (S-GAKTH) EB00022956 01/04/2024 01/04/2024 Book (Short term) 22956 (S-GAKTH)

Library - 09407999929
Admin Office - 09407999979
Dean Office - 09250910768
Registrar Office - 09892297154
Email - [email protected]
Shan State Buddhist University, Phaya Phyu Taunggyi, Shan State, Myanmar.